Fianancial Markets and Institutions/ (Record no. 206768)

MARC details
000 -LEADER
fixed length control field 00640nam a22001937a 4500
005 - DATE AND TIME OF LATEST TRANSACTION
control field 20241025151855.0
010 ## - LCCN (DPL NO)
LC control number ENG-142450
020 ## - INTERNATIONAL STANDARD BOOK NUMBER
International Standard Book Number 9788119896356
Terms of availability 899.00
035 ## - SYSTEM CONTROL NUMBER
System control number EN-125982
037 ## - SOURCE OF ACQUISITION
Source of stock number/acquisition DBAD
082 ## - DEWEY DECIMAL CLASSIFICATION NUMBER
Edition number 10
Classification number 332.4
100 ## - MAIN ENTRY--PERSONAL NAME
Personal name Mishkin, Frederic S.
245 ## - TITLE STATEMENT
Title Fianancial Markets and Institutions/
Statement of responsibility, etc By Frederic S. Mishkin...[et.al]
250 ## - EDITION STATEMENT
Edition statement 10
260 ## - PUBLICATION, DISTRIBUTION, ETC. (IMPRINT)
Place of publication, distribution, etc Noida
Name of publisher, distributor, etc Pearson India Education
Date of publication, distribution, etc 2024
270 ## - ADDRESS
Address 15th floor, Tower- B, World Trade Tower, plot No.1, Block -C, Sector-16, Noida,
City Uttar Pradesh
Postal code 201301
300 ## - PHYSICAL DESCRIPTION
Extent 534p.
Dimensions 25cm(pb)
942 ## - ADDED ENTRY ELEMENTS (KOHA)
Source of classification or shelving scheme Dewey Decimal Classification
Item type English Books
Classification part 332.4
Call number suffix MIS
Edition 10
Holdings
Withdrawn status Lost status Not for loan Collection code Home library Current library Date acquired Source of acquisition Cost, normal purchase price Full call number Barcode Copy number Cost, replacement price Koha item type
      Non-fiction Bawana Bawana 25/10/2024 Delivery of Books Act Division 899.00 332.4 MIS EN-125982 1 899.00 English Books

© Delhi Public Library
Hit Counter
free hit counter